[Event "Catalunya-chT"]
[Site "Catalunya"]
[Date "2014.02.15"]
[Round "4.4"]
[White "Gorgues Valle, Jose Maria"]
[Black "Arias Boo, Guillermo"]
[Result "0-1"]
[WhiteElo "1783"]
[BlackElo "2339"]
[PlyCount "30"]
[EventDate "2014.01.25"]
[EventType "team"]
[EventRounds "11"]
[EventCountry "ESP"]
[SourceTitle "EXT 2015"]
[Source "ChessBase"]
[SourceDate "2014.11.20"]
[SourceVersion "1"]
[SourceVersionDate "2014.11.20"]
[SourceQuality "1"]
[WhiteTeam "Andorra"]
[BlackTeam "Barcelona Uga"]
[WhiteTeamCountry "AND"]
[BlackTeamCountry "ESP"]

1. e4 e5 2. Nf3 Nc6 3. Bc4 Bc5 4. b4 Bxb4 5. c3 Ba5 6. d4 exd4 7. 0-0 d6 8. cxd4 Bb6 9. Nc3 Nf6 10. Bg5 Bg4 11. Qb3 Bxf3 12. Bxf7+ Kf8 13. e5 Nxd4 14. Qc4 dxe5 15. Bd5 Bxd5 0-1

[Event "Catalunya-chT Honor"]
[Site "Catalunya"]
[Date "2013.04.13"]
[Round "11.10"]
[White "Gomez Jurado, Luis Alberto"]
[Black "Arias Boo, Guillermo"]
[Result "1/2-1/2"]
[WhiteElo "2255"]
[BlackElo "2331"]
[PlyCount "62"]
[EventDate "2013.01.19"]
[EventType "team-tourn"]
[EventRounds "11"]
[EventCountry "ESP"]
[SourceTitle "EXT 2014"]
[Source "ChessBase"]
[SourceDate "2013.11.20"]
[SourceVersion "1"]
[SourceVersionDate "2013.11.20"]
[SourceQuality "1"]
[WhiteTeam "Montcada"]
[BlackTeam "Barcelona Uga"]
[WhiteTeamCountry "ESP"]
[BlackTeamCountry "ESP"]

1. c4 f5 2. Nf3 Nf6 3. Nc3 e6 4. g3 d5 5. cxd5 exd5 6. Bg2 c6 7. 0-0 Bd6 8. d3 0-0 9. e4 fxe4 10. dxe4 Bg4 11. exd5 Kh8 12. Bg5 Be7 13. Qb3 Bxf3 14. Bxf3 Nxd5 15. Bxe7 Nxe7 16. Qxb7 Rxf3 17. Rad1 Qb6 18. Qxe7 Na6 19. Rd7 Rg8 20. Ne4 h6 21. Rxa7 Nb4 22. Nd6 Qd4 23. Nf7+ Kh7 24. Rd7 Nd5 25. Qe5 Qg4 26. Rb7 Rf5 27. Qe6 Nf4 28. Qxc6 Ne2+ 29. Kg2 Nf4+ 30. Kg1 Ne2+ 31. Kh1 Qh3 1/2-1/2